02404nam a2200325 i 4500003000500000005001700005008004100022010001700063020001800080040002900098042000800127050002000135082002200155245012600177250001900303264004500322300004900367336002600416337002800442338002700470504005100497505019800548520106400746650003201810700002701842700002601869942004101895952012501936999001702061CSPC20240416135036.0240404s2021 flu b 001 0 eng  a 2021020333 a9781138307537 aDLCbengerdacDLCdCSPC apcc00aR895b.P72 202100223a610.153bP88100aPractical medical physics :ba guide to the work of hospital clinical scientists /cedited by Debbie Peet and Emma Chung. aFirst edition. 1aBoca Raton, Florida :bCRC Press,c2022. axii, 249 pages : billustrations ; c26 cm.  atextbtxt2rdacontent aunmediatedbn2rdamedia avolumebnc2rdacarrier aIncludes bibliographical references and index.0 aIntroduction -- Magnetic resonance imaging physics -- Ultrasound physics -- Diagnostic imaging using x-rays -- Nuclear medicine imaging and therapy -- Radiotherapy physics -- Radiation safety.  a"This is the first all-encompassing textbook designed to support trainee clinical scientists in medical physics as they start work in a hospital setting whilst undertaking an academic master's course. Developed by practising physicists and experienced academics using their experience of teaching trainee medical physicists, this book provides an accessible introduction to the daily tasks that clinical scientists perform in the course of their work. It bridges the gap between theory and practice, making the book also suitable for advanced undergraduate and graduate students in other disciplines studying modules on medical physics, including those who are considering a career in medical physics through applying to the NHS Scientist Training Programme (STP). Features: Provides an accessible introduction to practical medical physics within a hospital environment Maps to the course content of the Scientist Training Programme in the NHS Acts as a complement to the academic books often recommended for medical physics courses"--cProvided by publisher. 0aMedical physicsvTextbooks.1 aPeet, Debbie,eeditor.1 aChung, Emma,eeditor. 2ddccBKh610.153iP881kNURm2022n0 00102ddc4070aCSPCbCSPCcNURd2024-04-03l0oNUR 610.153 P881 2022p027371r2024-04-03 00:00:00t1-1w2024-04-03yBK c27333d27333